000 00609cam a2200181 a 4500
001 000001406
005 20200929145553.0
008 820225s1998 ck 001 0 spa
020 _a9589480292
040 _aDO-SdBNP
_bspa
_dBNPHU
082 _aBN
_bC824O
245 0 0 _aCorreo del Orinoco :
_bangostura (Venezuela), 1818-1821.
250 _aed. facs.
260 _aBogotá, (Venezuela) :
_bGerardo Rivas Moreno,
_c1998.
300 _axvi, 553 p. ;
_c35 cm. ,.
651 0 _aVenezuela
_xHistory
_yWar of Independence, 1810-1823
_xSources.
_94705
651 0 _aVenezuela
_xPolitics And Government
_vPeriodicals.
_94706
999 _c1327
_d1327